Loading...
| History - World | 0 | 6 | 0 | 2 | 60 | 79 | 105.67 | 0 | 1 | 0.00 | 0.00 |
| Science - Chemistry | 0 | 6 | 1 | 0 | 55 | 57 | 66.17 | 2 | 6 | 0.00 | 0.00 |
| History - Other | 0 | 5 | 1 | 2 | 45 | 64 | 94.20 | 0 | 2 | 0.00 | 0.00 |
| History - American | 0 | 4 | 0 | 2 | 40 | 90 | 113.50 | 0 | 1 | 0.00 | 0.00 |
| Science - Biology | 0 | 4 | 1 | 1 | 35 | 78 | 98.50 | 0 | 1 | 0.00 | 0.00 |
| Philosophy | 0 | 3 | 0 | 1 | 30 | 92 | 113.00 | 1 | 1 | 0.00 | 0.00 |
| Science - Other | 0 | 3 | 1 | 1 | 25 | 82 | 98.67 | 0 | 2 | 0.00 | 0.00 |
| Literature - American | 0 | 2 | 0 | 0 | 20 | 105 | 117.50 | 0 | 0 | 0.00 | 0.00 |
| Social Science | 0 | 2 | 2 | 0 | 10 | 23 | 61.50 | 1 | 1 | 0.00 | 0.00 |
| History - European | 0 | 1 | 0 | 0 | 10 | 113 | 113.00 | 0 | 0 | 0.00 | 0.00 |
| Literature - European | 0 | 1 | 0 | 0 | 10 | 123 | 123.00 | 0 | 0 | 0.00 | 0.00 |
| Literature - World/Other | 0 | 1 | 0 | 0 | 10 | 115 | 115.00 | 0 | 0 | 0.00 | 0.00 |
| Other Academic | 0 | 1 | 0 | 1 | 10 | 135 | 135.00 | 0 | 0 | 0.00 | 0.00 |
| Religion | 0 | 1 | 0 | 1 | 10 | 127 | 127.00 | 0 | 1 | 0.00 | 0.00 |
| Science - Physics | 0 | 1 | 0 | 1 | 10 | 106 | 106.00 | 0 | 1 | 0.00 | 0.00 |
| Fine Arts - Other | 0 | 1 | 1 | 0 | 5 | 133 | 133.00 | 0 | 0 | 0.00 | 0.00 |
| Mythology | 0 | 1 | 1 | 0 | 5 | 133 | 133.00 | 0 | 0 | 0.00 | 0.00 |
| Geography/Current Events | 0 | 1 | 2 | 1 | 0 | 133 | 133.00 | 0 | 0 | 0.00 | 0.00 |
| Fine Arts - Visual | 0 | 0 | 1 | 0 | -5 | 0.00 | 0 | 0 | 0.00 | 0.00 | |
| Fine Arts - Classical Music | 0 | 0 | 1 | 0 | -5 | 0.00 | 0 | 0 | 0.00 | 0.00 |